000 00587nam a22001337a 4500
020 _a0-679-82411-1
082 _a823
_bOSB/D
100 _aOSBORNE, MARY POPE
245 _aMAGIC TREE HOUSE
_bDINOSAURS BEFORE DARK
260 _aUS
_bRANDOM HOUSE
_c1992
300 _a68
520 _aWhat's the Story? Jack and Annie travel back in time via treehouse to the prehistoric Cretaceous period. In this mild adventure written in short, clipped sentence structure, the two siblings fly on the back of a Pteranodon, stumble upon nests filled with tiny dinosaurs and flee from a T-rex.
942 _cBK
999 _c6320
_d6320